Orationes quae supersunt /
| Main Author: | |
|---|---|
| Other Authors: | , , |
| Format: | Book |
| Language: | Greek Latin Arabic |
| Published: |
Leipzig
B. G. Teubner
1965-1974.
|
| Series: | Bibliotheca scriptorum graecorum et romanorum Teubneriana
|
| LEADER | 01928nam a2200337 u 4500 | ||
|---|---|---|---|
| 001 | 10011882 | ||
| 003 | GR-PaULI | ||
| 005 | 20210427154448.0 | ||
| 008 | 881025m19651974ge gre | ||
| 040 | |a GR-PaULI |c GR-PaULI |b gre |e AACR2 | ||
| 041 | 0 | |a gre |a lat |a ara | |
| 082 | 0 | 4 | |a 885.01 |2 23 |
| 082 | 0 | 4 | |a 880 |
| 100 | 0 | |a Θεμίστιος, |d 317-388 |9 129970 |e συγγραφέας. | |
| 245 | 1 | 0 | |a Orationes quae supersunt / |c Themistii ; recensuit H. Schenkl ; opus consummaverunt G. Downey et A. F. Norman. |
| 260 | |a Leipzig |b B. G. Teubner |c 1965-1974. | ||
| 300 | |a 3 τ. ; |c 20 εκ. | ||
| 490 | 0 | |a Bibliotheca scriptorum graecorum et romanorum Teubneriana | |
| 500 | |a τ. 1. - xxv, 339 σ. - 1965 -- τ. 2. - xii, 241 σ. - 1971 -- τ. 3. - vii, 161 σ. - 1974. | ||
| 504 | |a | ||
| 700 | 1 | |a Downey, Glanville, |d 1908-1991 |4 |e επιμελητής. |9 129971 | |
| 700 | 1 | |a Norman, A. F. |4 |9 116136 |q (Albert Francis) |e επιμελητής. | |
| 700 | 1 | |a Schenkl, Heinrich, |4 |9 129972 |d 1859-1919 |e επιμελητής. | |
| 830 | |9 161755 |a Bibliotheca scriptorum graecorum et romanorum Teubneriana | ||
| 942 | |2 ddc |c BKN | ||
| 952 | |0 0 |1 0 |2 ddc |3 τ.1 |4 0 |6 Π_Σ_885_010000000000000_ΘΕΜ |7 0 |9 145488 |a LISP |b LISP |c REF |d 2016-04-24 |i 23507 |l 0 |o Π/Σ 885.01 ΘΕΜ |p 025000092107 |r 2016-04-24 00:00:00 |t 1 |y BKN | ||
| 952 | |0 0 |1 0 |2 ddc |3 τ.2 |4 0 |6 Π_Σ_885_010000000000000_ΘΕΜ |7 0 |9 145489 |a LISP |b LISP |c REF |d 2016-04-24 |i 23506 |l 0 |o Π/Σ 885.01 ΘΕΜ |p 025000092108 |r 2016-04-24 00:00:00 |t 1 |y BKN | ||
| 952 | |0 0 |1 0 |2 ddc |3 τ.3 |4 0 |6 Π_Σ_885_010000000000000_ΘΕΜ |7 0 |9 145490 |a LISP |b LISP |c REF |d 2016-04-24 |i 23505 |l 0 |o Π/Σ 885.01 ΘΕΜ |p 025000092109 |r 2016-04-24 00:00:00 |t 1 |y BKN | ||
| 952 | |0 0 |1 0 |2 ddc |3 τ.2 |4 0 |6 T_880_000000000000000_ΘΕΜ_2 |7 0 |9 145491 |a THST |b THST |d 2016-04-24 |i 016204 |l 0 |o T 880 ΘΕΜ 2 |p 025000084618 |r 2016-04-24 00:00:00 |t 2 |v 2016.00 |w 2016-04-24 |y BKN | ||
| 998 | |c ΜΠΟΥΡΑΣ |d 2018-01 | ||
| 999 | |c 94730 |d 94730 | ||